Physical principles of astronomical instrumentation (Record no. 36085)
[ view plain ]
| 000 -LEADER | |
|---|---|
| fixed length control field | 00756 a2200241 4500 |
| 003 - CONTROL NUMBER IDENTIFIER | |
| control field | IN-BaIIA |
| 005 - DATE AND TIME OF LATEST TRANSACTION | |
| control field | 20250402115049.0 |
| 008 - FIXED-LENGTH DATA ELEMENTS--GENERAL INFORMATION | |
| fixed length control field | 250318b |||||||| |||| 00| 0 eng d |
| 020 ## - INTERNATIONAL STANDARD BOOK NUMBER | |
| International Standard Book Number | 978-1-032-04003-5 |
| 040 ## - CATALOGING SOURCE | |
| Transcribing agency | IIA Library |
| 080 ## - UNIVERSAL DECIMAL CLASSIFICATION NUMBER | |
| Universal Decimal Classification number | 520 |
| Item number | ADE |
| 100 ## - MAIN ENTRY--PERSONAL NAME | |
| Personal name | Ade, Peter A.R |
| 9 (RLIN) | 49205 |
| 245 ## - TITLE STATEMENT | |
| Title | Physical principles of astronomical instrumentation |
| Statement of responsibility, etc. | Peter A.R. Ade, Matthew J. Griffin and Carole E. Tucker |
| 260 ## - PUBLICATION, DISTRIBUTION, ETC. | |
| Name of publisher, distributor, etc. | CRC Press |
| Date of publication, distribution, etc. | 2022 |
| Place of publication, distribution, etc. | Boca Raton |
| 300 ## - PHYSICAL DESCRIPTION | |
| Extent | xv, 303p. |
| 490 ## - SERIES STATEMENT | |
| Series statement | Series in astronomy and astrophysics |
| 500 ## - GENERAL NOTE | |
| General note | index given; ill. |
| 650 ## - SUBJECT ADDED ENTRY--TOPICAL TERM | |
| Topical term or geographic name entry element | Radiation |
| 9 (RLIN) | 1862 |
| 650 ## - SUBJECT ADDED ENTRY--TOPICAL TERM | |
| Topical term or geographic name entry element | Astronomical instrumentation |
| 9 (RLIN) | 3629 |
| 700 ## - ADDED ENTRY--PERSONAL NAME | |
| Personal name | Griffin, Matthew J. |
| 9 (RLIN) | 49206 |
| 700 ## - ADDED ENTRY--PERSONAL NAME | |
| Personal name | Tucker, Carole E. |
| 9 (RLIN) | 49207 |
| 942 ## - ADDED ENTRY ELEMENTS (KOHA) | |
| Source of classification or shelving scheme | Universal Decimal Classification |
| Koha item type | Books |
| Withdrawn status | Lost status | Source of classification or shelving scheme | Damaged status | Not for loan | Home library | Current library | Shelving location | Date acquired | Source of acquisition | Cost, normal purchase price | Total Checkouts | Full call number | Barcode | Date last seen | Cost, replacement price | Price effective from | Koha item type |
|---|---|---|---|---|---|---|---|---|---|---|---|---|---|---|---|---|---|
| Universal Decimal Classification | IIA Library-Bangalore | IIA Library-Bangalore | General Stacks | 24/02/2025 | 37 | 4386.37 | 520 / ADE | 20696 | 24/02/2025 | 5160.44 | 24/02/2025 | Books |